[Event "HUN-chT2 Breyer 1516"]
[Site "Hungary"]
[Date "2016.04.03"]
[Round "10.3"]
[White "Demeter, Tamas"]
[Black "Urhegyi, Marton"]
[Result "0-1"]
[WhiteElo "2065"]
[BlackElo "2168"]
[PlyCount "46"]
[EventDate "2015.09.13"]
[EventType "team-tourn"]
[EventRounds "11"]
[EventCountry "HUN"]
[SourceTitle "EXT 2017"]
[Source "ChessBase"]
[SourceDate "2016.10.25"]
[SourceVersion "1"]
[SourceVersionDate "2016.10.25"]
[SourceQuality "1"]
[WhiteTeam "Gyor UDSE"]
[BlackTeam "Kobanya Aquarena"]
[WhiteTeamCountry "HUN"]
[BlackTeamCountry "HUN"]

1. c4 c5 2. Nc3 Nf6 3. e3 Nc6 4. d4 cxd4 5. exd4 d5 6. c5 g6 7. Nf3 Bg7 8. h3 0-0 9. Bb5 Ne4 10. 0-0 Qa5 11. Bxc6 bxc6 12. Nxe4 dxe4 13. Ng5 Ba6 14. Re1 Bxd4 15. Nxe4 Rfd8 16. Bd2 Qb5 17. a4 Qxb2 18. Rb1 Qa2 19. Qc1 f5 20. Nc3 Bxf2+ 21. Kxf2 Rxd2+ 22. Kf3 Rf2+ 23. Ke3 f4+ 0-1

[Event "HUN-chT2 Breyer 1112"]
[Site "Hungary"]
[Date "2011.10.30"]
[Round "2.2"]
[White "Horeczky, Tibor"]
[Black "Demeter, Tamas"]
[Result "1-0"]
[WhiteElo "2188"]
[BlackElo "2058"]
[PlyCount "53"]
[EventDate "2011.09.25"]
[EventType "team-tourn"]
[EventRounds "11"]
[EventCountry "HUN"]
[SourceTitle "EXT 2013"]
[Source "ChessBase"]
[SourceDate "2012.11.22"]
[SourceVersion "1"]
[SourceVersionDate "2012.11.22"]
[SourceQuality "1"]
[WhiteTeam "Szazhalombatta"]
[BlackTeam "Gyor Komszomol"]
[WhiteTeamCountry "HUN"]
[BlackTeamCountry "HUN"]

1. e4 e5 2. Nf3 Nc6 3. Bb5 d6 4. d4 exd4 5. Qxd4 Bd7 6. Bxc6 Bxc6 7. Nc3 Nf6 8. Bg5 Be7 9. 0-0-0 h6 10. Bf4 0-0 11. g4 Nxg4 12. Rhg1 Bf6 13. Qd2 h5 14. h3 Ne5 15. Bxe5 dxe5 16. Qh6 Qe7 17. Nh4 g6 18. Nf5 Qe8 19. Kb1 Rd8 20. Rde1 Bh8 21. Rg5 f6 22. Rxg6+ Kf7 23. Qxh5 Ke6 24. Rg7 Rd7 25. Qg4 Qd8 26. Ne3+ f5 27. exf5+ 1-0

[Event "HUN-chT2 Breyer 1011"]
[Site "Hungary"]
[Date "2011.05.15"]
[Round "11.2"]
[White "Demeter, Tamas"]
[Black "Cuibus, Janos"]
[Result "1/2-1/2"]
[WhiteElo "2051"]
[BlackElo "2185"]
[PlyCount "103"]
[EventDate "2010.09.12"]
[EventType "team-tourn"]
[EventRounds "11"]
[EventCountry "HUN"]
[SourceTitle "EXT 2012"]
[Source "ChessBase"]
[SourceDate "2011.11.24"]
[SourceVersion "1"]
[SourceVersionDate "2011.11.24"]
[SourceQuality "1"]
[WhiteTeam "Gyor Komszomol"]
[BlackTeam "MAFC"]
[WhiteTeamCountry "HUN"]
[BlackTeamCountry "HUN"]

1. c4 c5 2. Nc3 Nf6 3. g3 g6 4. Bg2 Bg7 5. e3 0-0 6. Nge2 e5 7. 0-0 d6 8. Nd5 Nxd5 9. Bxd5 Nc6 10. Bg2 Bg4 11. f3 Be6 12. d3 d5 13. cxd5 Bxd5 14. Nc3 Be6 15. f4 Qd7 16. Ne4 b6 17. Nf2 Rad8 18. a3 Na5 19. Bd2 Nb3 20. Rb1 Nxd2 21. Qxd2 c4 22. Rfd1 exf4 23. gxf4 cxd3 24. Qxd3 Qxd3 25. Rxd3 Rxd3 26. Nxd3 Rd8 27. Rd1 Bg4 28. Rd2 Bxb2 29. Bf1 Bxa3 30. Ra2 Bc5 31. Nxc5 bxc5 32. Rxa7 Rc8 33. Bc4 Be6 34. Bxe6 fxe6 35. Ra3 Kf7 36. Kf2 Kf6 37. Kf3 e5 38. Ra6+ Kf7 39. fxe5 c4 40. Ra2 c3 41. Rc2 Rc4 42. Ke2 Ke6 43. Kd3 Rc7 44. Rxc3 Rxc3+ 45. Kxc3 Kxe5 46. Kd3 g5 47. h3 h5 48. Ke2 Ke4 49. Kf2 Kd5 50. Kf3 Kc5 51. Kf2 Kd5 52. Kf3 1/2-1/2

[Event "HUN-chT2 Breyer 1011"]
[Site "Hungary"]
[Date "2011.05.01"]
[Round "10.2"]
[White "Ress, Tamas"]
[Black "Demeter, Tamas"]
[Result "1-0"]
[WhiteElo "2223"]
[BlackElo "2051"]
[PlyCount "123"]
[EventDate "2010.09.12"]
[EventType "team-tourn"]
[EventRounds "11"]
[EventCountry "HUN"]
[SourceTitle "EXT 2012"]
[Source "ChessBase"]
[SourceDate "2011.11.24"]
[SourceVersion "1"]
[SourceVersionDate "2011.11.24"]
[SourceQuality "1"]
[WhiteTeam "Gyor Elektromos"]
[BlackTeam "Gyor Komszomol"]
[WhiteTeamCountry "HUN"]
[BlackTeamCountry "HUN"]

1. d4 f5 2. e4 fxe4 3. Nc3 Nf6 4. Bg5 e6 5. Nxe4 Be7 6. Bxf6 Bxf6 7. Qh5+ g6 8. Qh6 Qe7 9. Nxf6+ Qxf6 10. 0-0-0 b6 11. h4 Qf8 12. Qe3 Qe7 13. Nf3 Bb7 14. Qe5 Rf8 15. Qxc7 Bxf3 16. gxf3 d5 17. Qe5 a6 18. Bh3 Rf6 19. Rde1 Nc6 20. Qxf6 Qxf6 21. Rxe6+ Kf7 22. Rxf6+ Kxf6 23. c3 Ne7 24. Re1 Nf5 25. Bxf5 Kxf5 26. Re7 h6 27. Kd2 Rd8 28. Ke3 Kf6 29. Re5 Rd7 30. f4 Rd6 31. f5 g5 32. hxg5+ Kxg5 33. f4+ Kf6 34. Kf3 b5 35. Kg4 a5 36. Kh5 Rd8 37. a3 b4 38. axb4 axb4 39. cxb4 Rb8 40. Rxd5 Rxb4 41. Kg4 h5+ 42. Kxh5 Rxb2 43. Kg4 Rg2+ 44. Kf3 Rg1 45. Re5 Rd1 46. Ke4 Re1+ 47. Kd5 Rf1 48. Kd6 Rxf4 49. d5 Ra4 50. Re1 Ra6+ 51. Kc7 Ra7+ 52. Kb6 Ra2 53. d6 Rb2+ 54. Kc7 Rc2+ 55. Kd8 Kf7 56. d7 Rc3 57. Re7+ Kf8 58. Re6 Kf7 59. Ra6 Rc2 60. Ra8 Rh2 61. Kc7 Rc2+ 62. Kb6 1-0

[Event "HUN-chT2 Breyer 0910"]
[Site "Hungary"]
[Date "2009.11.22"]
[Round "2"]
[White "Demeter, Tamas"]
[Black "Farkas, Gyula"]
[Result "0-1"]
[WhiteElo "2042"]
[BlackElo "2190"]
[PlyCount "56"]
[EventDate "2009.11.08"]
[EventType "team-tourn"]
[EventRounds "11"]
[EventCountry "HUN"]
[SourceTitle "EXT 2011"]
[Source "ChessBase"]
[SourceDate "2010.11.26"]
[SourceVersion "1"]
[SourceVersionDate "2010.11.26"]
[SourceQuality "1"]
[WhiteTeam "Gyor Komszomol"]
[BlackTeam "Kisber Aszar"]
[WhiteTeamCountry "HUN"]
[BlackTeamCountry "HUN"]

1. c4 e5 2. Nc3 Nc6 3. g3 g6 4. Bg2 Bg7 5. e3 d6 6. d3 Nge7 7. Nge2 0-0 8. 0-0 Be6 9. e4 f5 10. Nd5 h6 11. f4 Qd7 12. Nxe7+ Qxe7 13. Nc3 fxe4 14. Bxe4 Bh3 15. Re1 Bf5 16. Bd5+ Kh7 17. d4 Qd7 18. dxe5 dxe5 19. fxe5 Nxe5 20. Be4 Qxd1 21. Nxd1 Rae8 22. Kg2 Nd3 23. Bxd3 Rxe1 24. Bxf5 Rxd1 25. Bc2 Re1 26. Bd3 Bd4 27. Rb1 Rd1 28. Bf4 Rxd3 0-1

[Event "HUN-chT2 Breyer 0809"]
[Site "Hungary"]
[Date "2009.01.11"]
[Round "5"]
[White "Boncz, Adam"]
[Black "Demeter, Tamas"]
[Result "0-1"]
[WhiteElo "1910"]
[BlackElo "2043"]
[PlyCount "100"]
[EventDate "2008.10.26"]
[EventType "team-tourn"]
[EventRounds "11"]
[EventCountry "HUN"]
[SourceTitle "EXT 2010"]
[Source "ChessBase"]
[SourceDate "2010.11.25"]
[SourceVersion "1"]
[SourceVersionDate "2010.11.25"]
[SourceQuality "1"]
[WhiteTeam "Turul"]
[BlackTeam "Gyor Komszomol"]
[WhiteTeamCountry "HUN"]
[BlackTeamCountry "HUN"]

1. e4 e5 2. Nf3 Nc6 3. d4 exd4 4. Nxd4 d6 5. Nc3 Nf6 6. Bb5 Bd7 7. 0-0 Be7 8. Re1 0-0 9. Bxc6 Bxc6 10. Nxc6 bxc6 11. Bf4 Nd7 12. Qf3 Bf6 13. Rad1 Qb8 14. b3 Qb4 15. Bd2 Qc5 16. Rc1 Rfe8 17. Na4 Qa3 18. Bc3 Bxc3 19. Qxc3 c5 20. Qd3 Nb6 21. Nc3 Re7 22. Nb5 Qa5 23. a4 a6 24. Nc3 c4 25. bxc4 Qc5 26. Nd5 Re5 27. Nxb6 Qxb6 28. Qb3 Qc6 29. f3 Rc5 30. Rb1 h6 31. Qb7 Qxb7 32. Rxb7 Rxc4 33. Rc1 Rc8 34. a5 Rc5 35. Ra7 Rxa5 36. c4 Kf8 37. Rc2 Ke7 38. Kf2 Kd7 39. Rb7 Kc6 40. Rbb2 Kc5 41. Ke3 Ra3+ 42. Kd2 Ra8 43. Rc3 Rxc3 44. Kxc3 Ra7 45. h3 c6 46. Rd2 a5 47. Rb2 a4 48. Ra2 a3 49. Kb3 Kd4 50. Kb4 Rb7+ 0-1

[Event "HUN-chT2 Breyer 0809"]
[Site "Hungary"]
[Date "2008.11.30"]
[Round "3"]
[White "Vargyas, Zoltan"]
[Black "Demeter, Tamas"]
[Result "1-0"]
[WhiteElo "2174"]
[BlackElo "2043"]
[PlyCount "73"]
[EventDate "2008.10.26"]
[EventType "team-tourn"]
[EventRounds "11"]
[EventCountry "HUN"]
[SourceTitle "EXT 2010"]
[Source "ChessBase"]
[SourceDate "2010.11.25"]
[SourceVersion "1"]
[SourceVersionDate "2010.11.25"]
[SourceQuality "1"]
[WhiteTeam "Balatonfuered"]
[BlackTeam "Gyor Komszomol"]
[WhiteTeamCountry "HUN"]
[BlackTeamCountry "HUN"]

1. c4 f5 2. Nf3 Nf6 3. Nc3 e6 4. g3 d5 5. cxd5 exd5 6. Bg2 c6 7. 0-0 Bd6 8. d3 0-0 9. e4 dxe4 10. dxe4 Qc7 11. exf5 Bxf5 12. Nd4 Bd7 13. b4 Kh8 14. a3 Bg4 15. f3 Bc8 16. Be3 a5 17. b5 c5 18. b6 Qe7 19. Ndb5 Qxe3+ 20. Kh1 Be5 21. Re1 Qg5 22. f4 Bxf4 23. gxf4 Qxf4 24. Nd5 Ng4 25. Nxf4 Nf2+ 26. Kg1 Nxd1 27. Raxd1 Ra6 28. Nd5 a4 29. Nd6 Bg4 30. Rf1 Nd7 31. Rxf8+ Nxf8 32. Re1 Be6 33. Nc7 Rxb6 34. Nxe6 Rxd6 35. Nxf8 b5 36. Nd7 Rxd7 37. Re8# 1-0

[Event "HUN-chT2 Szechenyi 0708"]
[Site "Hungary"]
[Date "2008.04.27"]
[Round "10"]
[White "Demeter, Tamas"]
[Black "Csaba, Arpad Jr"]
[Result "0-1"]
[WhiteElo "2043"]
[BlackElo "2136"]
[PlyCount "100"]
[EventDate "2007.10.14"]
[EventType "team"]
[EventRounds "11"]
[EventCountry "HUN"]
[SourceTitle "EXT 2009"]
[Source "ChessBase"]
[SourceDate "2008.11.26"]
[SourceVersion "1"]
[SourceVersionDate "2008.11.26"]
[SourceQuality "1"]
[WhiteTeam "Gyor Komszomol"]
[BlackTeam "Ajka Banyasz"]
[WhiteTeamCountry "HUN"]
[BlackTeamCountry "HUN"]

1. e4 g6 2. d4 Bg7 3. c3 d6 4. h3 Nf6 5. Bd3 e5 6. Nf3 Nc6 7. d5 Ne7 8. c4 0-0 9. Nc3 a6 10. Be3 h6 11. Qc1 Kh7 12. g4 Ne8 13. Rg1 c5 14. h4 Ng8 15. h5 g5 16. Nxg5+ hxg5 17. Bxg5 f6 18. Be3 Nh6 19. g5 fxg5 20. Bxg5 Qd7 21. Be2 Qh3 22. Be7 Rf4 23. Bg5 Qh2 24. Kd2 Rxf2 25. Rh1 Qg3 26. Rg1 Rg2 27. Rxg2 Qxg2 28. Qg1 Qxg1 29. Rxg1 Bd7 30. Nd1 Nf6 31. Bxf6 Bxf6 32. Rg3 b5 33. cxb5 axb5 34. a3 Rg8 35. Rb3 c4 36. Rf3 Bg5+ 37. Kc3 Bf4 38. a4 Bg4 39. Rf2 Bxe2 40. Rxe2 Rg3+ 41. Kb4 Rb3+ 42. Ka5 bxa4 43. Kxa4 Ng4 44. Rc2 Rd3 45. Nc3 Nf6 46. Kb5 Bd2 47. Kxc4 Rd4+ 48. Kb5 Bxc3 49. bxc3 Rd3 50. c4 Rd4 0-1

[Event "HUN-chT2 Szechenyi 0708"]
[Site "Hungary"]
[Date "2007.10.14"]
[Round "1"]
[White "Papp, Albert"]
[Black "Demeter, Tamas"]
[Result "1/2-1/2"]
[WhiteElo "2117"]
[BlackElo "2043"]
[PlyCount "63"]
[EventDate "2007.10.14"]
[EventType "team"]
[EventRounds "11"]
[EventCountry "HUN"]
[SourceTitle "EXT 2009"]
[Source "ChessBase"]
[SourceDate "2008.11.26"]
[SourceVersion "1"]
[SourceVersionDate "2008.11.26"]
[SourceQuality "1"]
[WhiteTeam "Flesch"]
[BlackTeam "Gyor Komszomol"]
[WhiteTeamCountry "HUN"]
[BlackTeamCountry "HUN"]

1. d4 f5 2. Nc3 e6 3. e4 fxe4 4. Nxe4 Be7 5. Be3 Nf6 6. Nxf6+ Bxf6 7. Qh5+ g6 8. Qh6 Qe7 9. 0-0-0 Qg7 10. Qxg7 Bxg7 11. h4 Nc6 12. Bc4 d6 13. Nf3 h6 14. d5 exd5 15. Bxd5 Ne7 16. Bc4 Bg4 17. Rde1 0-0-0 18. Nh2 Bd7 19. Bxa7 Nc6 20. Be3 Ne5 21. Be2 Bc6 22. f4 Nd7 23. Bf3 d5 24. Bd2 Rhf8 25. Ng4 h5 26. Ne5 Nxe5 27. fxe5 Rf5 28. e6 Re8 29. Re2 Re5 30. Rxe5 Bxe5 31. Bg5 Rxe6 32. c3 1/2-1/2

[Event "HUN-chT2 Szechenyi 0607"]
[Site "Hungary"]
[Date "2007.04.22"]
[Round "9"]
[White "Geroly, Jozsef"]
[Black "Demeter, Tamas"]
[Result "1-0"]
[WhiteElo "2094"]
[BlackElo "1995"]
[PlyCount "65"]
[EventDate "2006.11.12"]
[EventType "team"]
[EventRounds "11"]
[EventCountry "HUN"]
[SourceTitle "EXT 2008"]
[Source "ChessBase"]
[SourceDate "2007.11.25"]
[SourceVersion "1"]
[SourceVersionDate "2007.11.25"]
[SourceQuality "1"]
[WhiteTeam "Veszprem"]
[BlackTeam "Gyor Komszomol"]
[WhiteTeamCountry "HUN"]
[BlackTeamCountry "HUN"]

1. Nf3 f5 2. d3 Nf6 3. Bg5 e6 4. Nbd2 Be7 5. c3 0-0 6. Qc2 b5 7. Nd4 a6 8. a4 c5 9. N4f3 Bb7 10. g3 h6 11. Bxf6 Bxf6 12. Bg2 Qc7 13. 0-0 Nc6 14. e4 f4 15. d4 cxd4 16. cxd4 Rac8 17. axb5 axb5 18. Qd3 Qb6 19. e5 Be7 20. Rfc1 Nb4 21. Qg6 fxg3 22. hxg3 Rxc1+ 23. Rxc1 Bd5 24. Ne4 Bxe4 25. Qxe4 Nd5 26. Bf1 Nb4 27. Ne1 Rb8 28. Nd3 Qb7 29. Qg6 Nd5 30. Bg2 Rc8 31. Rxc8+ Qxc8 32. Be4 Bd8 33. Qe8# 1-0

[Event "HUN-chT2 Szechenyi 0607"]
[Site "Hungary"]
[Date "2007.04.15"]
[Round "8"]
[White "Remete, Eszter"]
[Black "Demeter, Tamas"]
[Result "0-1"]
[WhiteElo "2108"]
[BlackElo "1995"]
[PlyCount "68"]
[EventDate "2006.11.12"]
[EventType "team"]
[EventRounds "11"]
[EventCountry "HUN"]
[SourceTitle "EXT 2008"]
[Source "ChessBase"]
[SourceDate "2007.11.25"]
[SourceVersion "1"]
[SourceVersionDate "2007.11.25"]
[SourceQuality "1"]
[WhiteTeam "Haladas II"]
[BlackTeam "Gyor Komszomol"]
[WhiteTeamCountry "HUN"]
[BlackTeamCountry "HUN"]

1. e4 e5 2. Nf3 Nc6 3. d4 exd4 4. Nxd4 d6 5. Nc3 Nf6 6. Bg5 Be7 7. Bc4 0-0 8. Qd2 a6 9. Bb3 h6 10. Bf4 Na5 11. 0-0-0 c5 12. Nf5 Bxf5 13. exf5 c4 14. Ba4 b5 15. Bxb5 axb5 16. Nxb5 Ne4 17. Qe3 d5 18. Nc7 Bc5 19. Qe2 Nb3+ 20. cxb3 cxb3 21. axb3 Ra2 22. Rxd5 Qf6 23. Kb1 Nc3+ 24. bxc3 Rxe2 25. Rxc5 Qb6 26. b4 Qa7 27. Ra5 Qxf2 28. g3 Rb2+ 29. Ka1 Qc2 30. Rc1 Qxh2 31. Nb5 Re8 32. Nd4 Qg2 33. Re5 Ra8+ 34. Ra5 Ra2+ 0-1

[Event "HUN-chT2 Szechenyi 0607"]
[Site "Hungary"]
[Date "2006.12.17"]
[Round "4"]
[White "Demeter, Tamas"]
[Black "Horvath, Jozsef2222"]
[Result "1/2-1/2"]
[WhiteElo "1995"]
[BlackElo "2210"]
[PlyCount "22"]
[EventDate "2006.11.12"]
[EventType "team"]
[EventRounds "11"]
[EventCountry "HUN"]
[SourceTitle "EXT 2008"]
[Source "ChessBase"]
[SourceDate "2007.11.25"]
[SourceVersion "1"]
[SourceVersionDate "2007.11.25"]
[SourceQuality "1"]
[WhiteTeam "Gyor Komszomol"]
[BlackTeam "Kertvaros"]
[WhiteTeamCountry "HUN"]
[BlackTeamCountry "HUN"]

1. e4 d5 2. exd5 Nf6 3. d4 Nxd5 4. g3 g6 5. Bg2 Bg7 6. c3 0-0 7. Ne2 Nc6 8. 0-0 Bg4 9. f3 Bc8 10. Nf4 Nxf4 11. Bxf4 e5 1/2-1/2

[Event "HUN-chT2 Szechenyi 0607"]
[Site "Hungary"]
[Date "2006.11.26"]
[Round "2"]
[White "Papp, Albert"]
[Black "Demeter, Tamas"]
[Result "1/2-1/2"]
[WhiteElo "2101"]
[BlackElo "1995"]
[PlyCount "51"]
[EventDate "2006.11.12"]
[EventType "team"]
[EventRounds "11"]
[EventCountry "HUN"]
[SourceTitle "EXT 2008"]
[Source "ChessBase"]
[SourceDate "2007.11.25"]
[SourceVersion "1"]
[SourceVersionDate "2007.11.25"]
[SourceQuality "1"]
[WhiteTeam "Flesch"]
[BlackTeam "Gyor Komszomol"]
[WhiteTeamCountry "HUN"]
[BlackTeamCountry "HUN"]

1. d4 f5 2. Nc3 Nf6 3. Bg5 e6 4. e4 fxe4 5. Nxe4 Be7 6. Bxf6 Bxf6 7. Qh5+ g6 8. Qh6 Bxd4 9. 0-0-0 Bf6 10. h4 Qe7 11. Nxf6+ Qxf6 12. Nf3 Ke7 13. Bd3 Nc6 14. h5 gxh5 15. Rxh5 Qxh6+ 16. Rxh6 Nb4 17. Ne5 Nxd3+ 18. Rxd3 Ke8 19. Rg3 d6 20. Ng6 Rg8 21. Rxh7 Bd7 22. Nh4 Rxg3 23. fxg3 Rc8 24. g4 e5 25. g5 Be6 26. a3 1/2-1/2